|
|
|
|
| LEADER |
00000cam a2200000 7i4500 |
| 001 |
0000320607 |
| 005 |
20241025160850.0 |
| 006 |
a# ###g ### |
| 007 |
ta |
| 008 |
240904n my g may |
| 040 |
|
|
|a MBPJ
|b eng
|c MBPJ
|e rda
|
| 090 |
|
4 |
|a RIS 226
|
| 110 |
2 |
|
|a Perpustakaan Negara Malaysia
|e issuing body
|
| 245 |
0 |
0 |
|a Program Bulan Membaca Perpustakaan Negara Malaysia 2002cPerpustakaan Negara Malaysia
|
| 264 |
|
0 |
|a Kuala Lumpur :
|b Perpustakaan Negara Malaysia
|c [date of publication not identified]
|
| 300 |
|
|
|a 1 sheet of paper :
|b colour photographs ;
|c 21 cm.
|
| 336 |
|
|
|a text
|2 rdacontent
|
| 337 |
|
|
|a unmediated
|2 rdamedia
|
| 338 |
|
|
|a volume
|2 rdacarrier
|
| 500 |
|
|
|a Risalah
|
| 999 |
|
|
|a BA3835/24
|b RISALAH
|c KOLEKSI BAHAN ARKIB
|e PERPUSTAKAAN KOMUNITI PETALING JAYA
|